000
00249nam a2200109Ia 4500
008
190912s9999||||xx |||||||||||||| ||und||
100
_a
King - Smith
245
0
_a
Lady Daisy
260
_a
london
_b
Penguin Books
_c
1992
300
_a
160
942
_c
BK
999
_c
7293
_d
7293